Âm nhạc và phương pháp dạy học âm nhạc Tài liệu đào tạo giáo viên tiểu học (trình độ cao đẳng và đại học sư phạm)

TH Âm nhạc 1; TH Âm nhạc 2 và phương pháp dạy học âm nhạc; MN092 Phương pháp tổ chức hoạt động âm nhạc cho trẻ mầm non

Wedi'i Gadw mewn:
Manylion Llyfryddiaeth
Prif Awdur: Hoàng, Long
Awduron Eraill: Đặng, Văn Bông
Fformat: Llyfr
Iaith:Undetermined
Cyhoeddwyd: H. Giáo dục 2007
Pynciau:
Mynediad Ar-lein:http://lrc.tdmu.edu.vn/opac/search/detail.asp?aID=2&ID=4111
Tagiau: Ychwanegu Tag
Dim Tagiau, Byddwch y cyntaf i dagio'r cofnod hwn!
Thư viện lưu trữ: Trung tâm Học liệu Trường Đại học Thủ Dầu Một
LEADER 01010nam a2200229Ia 4500
001 TDMU_4111
008 210410s9999 xx 000 0 und d
082 |a 372.87 
090 |b H407 
100 |a Hoàng, Long 
245 0 |a Âm nhạc và phương pháp dạy học âm nhạc 
245 0 |b Tài liệu đào tạo giáo viên tiểu học (trình độ cao đẳng và đại học sư phạm) 
245 0 |c Hoàng Long 
260 |a H. 
260 |b Giáo dục 
260 |c 2007 
300 |a 323tr. 
520 |a TH Âm nhạc 1; TH Âm nhạc 2 và phương pháp dạy học âm nhạc; MN092 Phương pháp tổ chức hoạt động âm nhạc cho trẻ mầm non  
650 |a Âm nhạc  |x Giảng dạy và học tập; Phương pháp dạy học  |x Âm nhạc 
700 |a Đặng, Văn Bông 
856 |u http://lrc.tdmu.edu.vn/opac/search/detail.asp?aID=2&ID=4111 
980 |a Trung tâm Học liệu Trường Đại học Thủ Dầu Một